Contestaciones completas al programa de Asistencia Pública Domiciliaria (Record no. 47007)

MARC details
000 -LEADER
campo de control de longitud fija 00540nam a2200157 i 4500
001 - NÚMERO DE CONTROL
campo de control 47007
003 - IDENTIFICADOR DE NÚMERO DE CONTROL
campo de control ES-MaACL
007 - CAMPO FIJO DE DESCRIPCIÓN FÍSICA--INFORMACIÓN GENERAL
campo de control de longitud fija t|
008 - DATOS DE LONGITUD FIJA--INFORMACIÓN GENERAL
campo de control de longitud fija 030402s1961 sp ||||1| spa d
245 00 - MENCIÓN DEL TÍTULO
Título Contestaciones completas al programa de Asistencia Pública Domiciliaria
Resto del título : . Medicina /
Mención de responsabilidad, etc. por Albasanz Gallan ... [et al.] ; prólogo de V. Matilla.
260 ## - PUBLICACIÓN, DISTRIBUCIÓN, ETC.
Lugar de publicación, distribución, etc. Madrid :
Nombre del editor, distribuidor, etc. [s.n.,
Fecha de publicación, distribución, etc. 1961]
300 ## - DESCRIPCIÓN FÍSICA
Extensión 568 p. ;
Dimensiones 22 cm.
700 1# - ENTRADA AGREGADA--NOMBRE PERSONAL
Nombre de persona Albasanz Gallan, Fernando.
9 (RLIN) 19249
700 1# - ENTRADA AGREGADA--NOMBRE PERSONAL
Nombre de persona Matilla, Valentín.
9 (RLIN) 79075
852 ## - LOCALIZACIÓN
Ubicación ES-MaACL
Número de control de estantería E-4102
Sublocalización o colección R.53469
Holdings
Estatus retirado Estado de pérdida Estado de daño No para préstamo Biblioteca de origen Biblioteca actual Ubicación en estantería Fecha de adquisición Fuente de adquisición Total de préstamos Signatura topográfica completa Código de barras Visto por última vez Precio de reemplazo Tipo de ítem Koha
        Biblioteca del Ateneo de Madrid Biblioteca del Ateneo de Madrid Depósito 2 17/01/2008     E-4102 1049442 23/02/2023 23/02/2023 Libro impreso